Things that Came From Los Angeles - Statistics

General Stats
  • This quiz has been taken 20,001 times
  • The average score is 13 of 20
Answer Stats
Hint Year Answer % Correct
Mexican fast food chain started by Glen Bell 1962 Taco Bell
98%
Blonde doll sometimes criticized for unrealistic body proportions 1959 Barbie
90%
A device which can shoot a targeted beam of light 1960 Laser
89%
Cartoon character who got his start in the animated short "Steamboat Willie" 1928 Mickey Mouse
82%
Hard rock band whose name celebrates firearms and botany 1985 Guns N' Roses
81%
Sport originally called "sidewalk surfing" 1940s Skateboarding
80%
Fast food burger chain where you can presumably enter and exit quickly 1948 In-n-Out
76%
Wearable way to quit smoking 1980s {Nicotine} patch
76%
The biggest child star of the 1930s or the non-alcoholic drink that was named after her 1928 Shirley Temple
73%
Band that recorded "California Girls" 1961 Beach Boys
67%
Children's toy consisting of a ring a little over 1 meter in diameter 1958 Hula hoop
67%
Style of bar with Polynesian-themed drinks and decor 1933 {Tiki} bar
65%
Musical instrument with "pickups" that made rock music possible 1931 Electric guitar
62%
Ice cream chain which says it has 31 flavors, one for every day of the month 1945 Baskin-Robbins
57%
Jeans company with a ? on its logo 1982 Guess
57%
Way to move people into space. Only six were ever built and two exploded. 1977 Space Shuttle
50%
Bed size which is longer than a normal king-sized bed 1960s {California} king
47%
Troupe of male dancers who wear bow ties and not much else 1979 Chippendales
46%
Salad with lettuce, bacon, fried chicken breast, avocado, blue cheese, hard boiled eggs and other motley ingredients 1930s {Cobb} salad
36%
The fastest airplane of all-time, designed at Lockheed Martin's "Skunkworks" 1964 SR-71 Blackbird
18%
No matching quizzes found
Score Distribution
Percent of People with Each Score
Percentile by Number Answered
Your Score History
You have not taken this quiz